Gandhiji virachitha vyakthichithragalu mattu shradhdhanjaligalu. (Record no. 99585)

MARC details
000 -LEADER
fixed length control field 00808nam a2200229Ia 4500
003 - CONTROL NUMBER IDENTIFIER
control field OSt
005 - DATE AND TIME OF LATEST TRANSACTION
control field 20260526123145.0
008 - FIXED-LENGTH DATA ELEMENTS--GENERAL INFORMATION
fixed length control field 210210b1994 xxu||||| |||| 00| 0 eng d
020 ## - INTERNATIONAL STANDARD BOOK NUMBER
International Standard Book Number 81 237 1153 0
040 ## - CATALOGING SOURCE
Transcribing agency AL
041 ## - LANGUAGE CODE
Language code of text/sound track or separate title Kannada
082 ## - DEWEY DECIMAL CLASSIFICATION NUMBER
Classification number 920K GANV
100 ## - MAIN ENTRY--PERSONAL NAME
Personal name -
9 (RLIN) 264595
245 ## - TITLE STATEMENT
Title Gandhiji virachitha vyakthichithragalu mattu shradhdhanjaligalu.
Remainder of title ಗಾಂಧೀಜಿ ವಿರಚಿತ ವ್ಯಕ್ತಿಚಿತ್ರಗಳು ಮತ್ತು ಶ್ರದ್ಧಾಂಜಲಿಗಳು
260 ## - PUBLICATION, DISTRIBUTION, ETC.
Place of publication, distribution, etc. New Delhi.
Name of publisher, distributor, etc. Not Mentioned
Date of publication, distribution, etc. 1994
300 ## - PHYSICAL DESCRIPTION
Extent vii,168
650 ## - SUBJECT ADDED ENTRY--TOPICAL TERM
Topical term or geographic name entry element Pen Potraits and Tributes by Gandhiji
9 (RLIN) 264596
690 ## - LOCAL SUBJECT ADDED ENTRY--TOPICAL TERM (OCLC, RLIN)
Topical term or geographic name as entry element Biography
9 (RLIN) 264597
700 ## - ADDED ENTRY--PERSONAL NAME
Personal name U.S. Mohan Rao
Dates associated with a name ಯು ಎಸ್ ಮೋಹನ ರಾವ್ tr
9 (RLIN) 264598
906 ## - LOCAL DATA ELEMENT F, LDF (RLIN)
a 050853
942 ## - ADDED ENTRY ELEMENTS (KOHA)
Source of classification or shelving scheme Dewey Decimal Classification
Koha item type Book
Holdings
Withdrawn status Lost status Source of classification or shelving scheme Damaged status Not for loan Collection code Home library Current library Shelving location Date acquired Cost, normal purchase price Total Checkouts Full call number Barcode Date last seen Price effective from Koha item type
    Dewey Decimal Classification     History St Aloysius Library St Aloysius Library   02/17/2021 33.00   920K GANV 050853 02/17/2021 02/17/2021 Book